000 00478nam a2200157 a 4500
001 000039464
005 20201002031649.0
008 130701s1997 dr 000 0 spa d
040 _aDO-SdBNP
_bspa
_cBNPHU
110 2 _aRepública Dominicana
_9447
240 1 0 _a[ Leyes, etc.]
245 1 0 _aLey de casación y leyes complementarias /.
246 1 4 _aLey de casación y leyes complementarias
260 _aSanto Domingo :
_bCongreso Nacional,
_c1997.
300 _a32 p. ;
_c22 cm.
999 _c38954
_d38954